Statistics for Countries with Wild Primates

Click here to take the quiz!

General Stats

  • This quiz has been taken 122 times
    (102 since last reset)
  • The average score is 84 of 105

Answer Stats

1ContinentsCountries% Correct
mxNorth AmericaMexico
99%
cnAsiaChina
97%
jpAsiaJapan
97%
brSouth AmericaBrazil
96%
clSouth AmericaChile
94%
coSouth AmericaColombia
94%
inAsiaIndia
94%
peSouth AmericaPeru
94%
arSouth AmericaArgentina
93%
idAsiaIndonesia
93%
veSouth AmericaVenezuela
93%
egAfricaEgypt
92%
myAsiaMalaysia
92%
hnNorth AmericaHonduras
90%
paNorth AmericaPanama
90%
pySouth AmericaParaguay
90%
uySouth AmericaUruguay
90%
boSouth AmericaBolivia
89%
gySouth AmericaGuyana
89%
zaAfricaSouth Africa
89%
thAsiaThailand
89%
tdAfricaChad
87%
crNorth AmericaCosta Rica
87%
cdAfricaDemocratic Republic of the Congo
87%
keAfricaKenya
87%
neAfricaNiger
87%
cgAfricaRepublic of the Congo
87%
vnAsiaVietnam
87%
dzAfricaAlgeria
86%
frSouth AmericaFrance (French Guiana)
86%
frAfricaFrance (Réunion and Mayotte)
86%
mgAfricaMadagascar
86%
maAfricaMorocco
86%
niNorth AmericaNicaragua
86%
pkAsiaPakistan
86%
srSouth AmericaSuriname
86%
ecSouth AmericaEcuador
85%
gtNorth AmericaGuatemala
85%
ngAfricaNigeria
85%
aoAfricaAngola
83%
bdAsiaBangladesh
83%
khAsiaCambodia
83%
cfAfricaCentral African Republic
83%
svNorth AmericaEl Salvador
83%
btAsiaBhutan
82%
laAsiaLaos
82%
lyAfricaLibya
82%
npAsiaNepal
82%
phAsiaPhilippines
82%
ssAfricaSouth Sudan
82%
sdAfricaSudan
82%
bzNorth AmericaBelize
80%
etAfricaEthiopia
80%
mzAfricaMozambique
80%
mmAsiaMyanmar
80%
soAfricaSomalia
80%
zwAfricaZimbabwe
80%
mlAfricaMali
79%
ugAfricaUganda
79%
zmAfricaZambia
79%
gaAfricaGabon
77%
saAsiaSaudi Arabia
77%
lkAsiaSri Lanka
77%
twAsiaTaiwan
77%
bfAfricaBurkina Faso
76%
gnAfricaGuinea
76%
naAfricaNamibia
76%
omAsiaOman
76%
rwAfricaRwanda
76%
tzAfricaTanzania
76%
yeAsiaYemen
76%
djAfricaDjibouti
75%
erAfricaEritrea
75%
mwAfricaMalawi
75%
ttNorth AmericaTrinidad and Tobago
75%
bjAfricaBenin
73%
biAfricaBurundi
73%
gwAfricaGuinea-Bissau
73%
ciAfricaIvory Coast
73%
lrAfricaLiberia
73%
snAfricaSenegal
73%
sgAsiaSingapore
73%
tnAfricaTunisia
73%
gbNorth AmericaUnited Kingdom (Cayman Islands)
73%
bwAfricaBotswana
72%
bnAsiaBrunei
72%
gqAfricaEquatorial Guinea
72%
ghAfricaGhana
72%
slAfricaSierra Leone
72%
cmAfricaCameroon
70%
tlAsiaEast Timor
70%
szAfricaEswatini
70%
gmAfricaGambia
70%
mrAfricaMauritania
70%
lsAfricaLesotho
69%
tgAfricaTogo
69%
stAfricaSão Tomé and Príncipe
68%
bbNorth AmericaBarbados
66%
muAfricaMauritius
66%
esAfricaSpain (Canary Islands)
66%
kmAfricaComoros
63%
gdNorth AmericaGrenada
61%
lcNorth AmericaSaint Lucia
59%
vcNorth AmericaSaint Vincent and the Grenadines
59%
nlSouth AmericaNetherlands (Curaçao and Aruba)
44%

Score Distribution

Percentile by Number Answered

Percent of People with Each Score

Your Score History

You have not taken this quiz since the last reset